000
00283nam a22001217a 4500
008
181012b xxu||||| |||| 00| 0 eng d
041
_a
eng
080
_a
616
100
_a
8
101
_a
PAT
245
_a
Pathology of Conducting Tissue of the Heart
_c
Davies, M.J
942
_2
udc
_c
BK
999
_c
49508
_d
49508